000 00510cam a2200169 a 4500
001 000002812
005 20240306073909.0
008 831201s1952 cu 001 0bspa
040 _aDO-SdBNP
_bspa
_cBNPHU
082 _a923.27291
_bM378C
100 1 _aCarbonell, Néstor,
_d1884-
_98887
245 1 0 _aMartí, carne y espíritu /
_cNéstor Carbonell.
260 _aHabana,
_c1952.
300 _a2 v. ;
_c19 cm.
600 1 0 _aMartí, José,
_d1853-1895
_9645
650 1 4 _aMartí, josé
_xColecciones de escritos
_98888
999 _c2646
_d2646